Statistiques concernant Métro quiz

Cliquez ici pour prendre le quiz!

Statistiques générales

  • Ce quiz a été pris 121 fois
  • Le résultat moyen est 5 sur 14

Statistiques - réponses

HintMetro villes% Correct
Le plus vieux métro est...Londres
96%
Ville avec le plus stations est...New York City
83%
Ville le plus long escalator unique...Moscou
64%
Le plus grand nombre d'usagers est i. ..Pékin
50%
Le métro le plus au sud est...Buenos Aires
29%
Le métro le plus au nord est...Helsinki
27%
Premier métro automatisé/sans conducteur est en...Lille
25%
Ville avec la plus grande longueur d'itinéraire est...Shanghai
23%
Deuxiéme le plus vieux est...Budapest
20%
Le plus long tunnel de métro est en...Canton
11%
Métro le plus profond est en...Pyongyang
11%
La plus petite ville avec un métro est...Lausanne
10%
Station de métro la plus profonde est en. . .Kiev
5%
La plus grande station de métro est...Dubai
3%

Distribution des résultats

Percentile par nombre de réponses

% des personnes avec chaque résultat

Votre développement - résultats

Vous n’avez pas pris ce quiz